000 01210cam a22003497a 4500
003 CHAP
005 20220329141741.0
008 971013s1975 r 00010 d
010 _a73331
011 _a74303
035 _a83862
040 _cCHAP
082 _a301.24
_bB33Y
100 0 0 _aBagdikian, Ben H.
_99396
245 1 4 _aLas máquinas de información ; su repercusion sobre los hombres y los medios informativos
260 _aMéxico, D. F. :
_bFondo de Cultura Economíca,
_c1975
300 _a507 p.
490 0 _aCiencia y Tecnología
590 _aBATCH-UPD
_b10
_c20130110
_lUCH01
_h0332
590 _aBATCH-UPD
_b10
_c20130110
_lUCH01
_h1736
590 _aBATCH-UPD
_b10
_c20130410
_lUCH01
_h0005
590 _aBATCH-UPD
_b10
_c20130914
_lUCH01
_h0520
590 _aCONVERSION
_b10
_c20130109
_lUCH01
_h1340
650 1 4 _aComunicación de masas.
_926210
650 1 4 _aServicios de información.
_9105330
650 1 4 _aTelecomunicaciones.
_9112078
830 0 _aCiencia y Tecnología
_923158
901 _aBK
942 _cLIBRO
949 _a301.24 B33Y
_bBC
_cLIBRO
_d33724000289963
_eLIBRO
_h40380
_i83862
_mD
_si
949 _a301.24 B33Y
_bBC
_cLIBRO
_d33724000935334
_eLIBRO
_fc.2
_h47086
_i83862
_mD
_si
999 _c73331
_d73331